|
|
|
|
| LEADER |
00000cam a2200000 4500 |
| 001 |
vtls011919339 |
| 003 |
SK-MaSNL |
| 005 |
20260301225400.0 |
| 008 |
200221s2020 xo er 010 fdslo |
| 015 |
|
|
|a SNBA2020/11
|
| 020 |
|
|
|a 9788022210966
|q (viazané)
|
| 040 |
|
|
|a SNK
|b slo
|c SNK
|e rda
|
| 041 |
1 |
|
|a slo
|h ger
|
| 044 |
|
|
|a xo
|c SK
|
| 072 |
|
7 |
|a 821.112.2-3
|x Nemecká próza, nemecky písaná
|2 konspekt
|
| 080 |
|
|
|a 821.112.2-31
|2 2011
|
| 080 |
|
|
|a (0:82-312.4)
|2 2011
|
| 100 |
1 |
|
|a Fitzek, Sebastian,
|d 1971-
|4 aut
|9 158149
|
| 240 |
1 |
0 |
|a Amokspiel
|l Slovensky
|
| 245 |
1 |
0 |
|a Šialená hra
|c Sebastian Fitzek ; z nemeckého originálu Amokspiel ... preložila Linda Magáthová
|
| 250 |
|
|
|a Vydanie I.
|
| 264 |
|
1 |
|a Bratislava
|b Tatran
|c 2020
|
| 300 |
|
|
|a 322 strán
|c 22 cm
|
| 336 |
|
|
|a text
|b txt
|2 rdacontent
|
| 337 |
|
|
|a bez média
|b n
|2 rdamedia
|
| 338 |
|
|
|a zväzok
|b nc
|2 rdacarrier
|
| 490 |
1 |
|
|a Mimo zákona
|v 22. zväzok
|
| 500 |
|
|
|a Obsahuje biografické údaje o autorovi
|
| 500 |
|
|
|a Preložené z nemčiny
|
| 655 |
|
7 |
|a nemecké romány
|2 SNKPH
|9 70433
|
| 655 |
|
7 |
|a trilery (romány)
|2 SNKPH
|9 151146
|
| 655 |
|
7 |
|a German fiction
|2 SNKPHeng
|9 278913
|
| 655 |
|
7 |
|a Thrillers (novels)
|2 SNKPHeng
|9 310918
|
| 700 |
1 |
|
|a Magáthová, Linda
|4 trl
|9 52245
|
| 830 |
|
0 |
|a Mimo zákona
|9 320018
|
| 919 |
|
|
|a 978-80-222-1096-6
|
| 958 |
|
|
|a LX
|
| 958 |
|
|
|a UP
|
| 968 |
|
|
|b DT
|
| 999 |
|
|
|c 950686
|d 952616
|
| 952 |
|
|
|a SNK
|b SNKPULT
|y VYP
|7 0
|p 17A1445993
|o snkSC 190154 D1
|i snk2020/20804
|8 0
|0 0
|1 0
|2 udc
|4 0
|d 2020-11-20
|l 1
|m 1
|q 2026-05-07
|r 2026-02-28 18:33:00
|s 2026-02-28
|w 2026-02-24
|
| 952 |
|
|
|a SNK
|b SNK
|y PREZ
|7 0
|p 17A1443677
|o snkSC 190154
|i snk2020/16603
|8 0
|0 0
|1 0
|4 0
|d 2020-09-18
|f 1
|l 0
|r 2025-10-07 00:00:00
|w 2026-02-24
|